| 000 | 00000nam##2200000za#4500 |
| 001 | 9.604031 |
| 003 | CaOODSP |
| 005 | 20260128153021 |
| 007 | cr ||||||||||| |
| 008 | 150406|1998||||xxc|||||o f|0| 0 fre|d |
| 022 | |a1488-545X |
| 040 | |aCaOODSP|bfre |
| 043 | |an-cn--- |
| 086 | 1 |aFs97-6/2208F-PDF |
| 110 | 2 |aInstitut Maurice-Lamontagne. |
| 245 | 10|aProtocoles d'échantillonnage des captures commerciales de poissons et d'invertébrés marins du golfe du Saint-Laurent / |h[ressource électronique]|cpar J.-D. Lambert et B. Ménager. |
| 260 | |aMont-Joli - Québec : |bPêches et Océans Canada. |cc1998. |
| 300 | |a257p.|bfigures, cartes, références, tableaux, photographies, index |
| 490 | 1 |aRapport technique canadien des sciences halieutiques et aquatiques|x1488-545X|vN° 2208 |
| 500 | |aLe n° de catalogue (97-6/2208F) et l'ISSN (0706-6570) copiés dans cette édition électronique sont incorrects. |
| 546 | |a(Abstract in English) |
| 590 | |a12-23-Supp|b2012-05-28 |
| 720 | 1 |aMénager, B. |
| 720 | 1 |aLambert, J. -D. |
| 776 | 0#|tProtocoles d'échantillonnage des captures commerciales de poissons et d'invertébrés marins du golfe du Saint-Laurent / |w(CaOODSP)9.624813 |
| 830 | #0|aRapport technique canadien des sciences halieutiques et aquatiques,|x1488-545X|vN° 2208|w(CaOODSP)9.500867 |
| 856 | 40|ahttp://publications.gc.ca|qPDF|s7.82 Mo|uhttps://publications.gc.ca/collections/collection_2012/mpo-dfo/Fs97-6-2208-fra.pdf|yN° 2208 |